000 01506nam2a22002651 4500
001 RU\NLR\INFOCOMM29\5000110650
005 20050208145547.3
035 _a(NLR Aleph) 002729619
090 _a1950660
_c1950660
100 _a20050208d1987 |||y0rusy50 ca
101 0 _arus
102 _aRU
105 _ay ||||000|y
200 1 _aПроизводство электрооборудования в США
_fА.В. Любовцов, А.Ю. Хаюрова
210 _d1987
461 0 _1001RU\NLR\INFOCOMM29\5000110398
_12001#$aЭлектротехническая промышленность$eОбзор. информ.$hСерия 28$iЭлектропромышленность за рубежом (Экономика)$fВНИИ информ. и техн.-экон. исслед. в электротехнике (Информэлектро)$v1987, Вып.6(64)
_91949628
_cМ.
_d1983-
_fВНИИ информ. и техн.-экон. исслед. в электротехнике (Информэлектро)
_hСерия 28
_iЭлектропромышленность за рубежом (Экономика)
_nИнформэлектро
_oОбзор. информ.
_tЭлектротехническая промышленность
_v1987, Вып.6(64)
700 1 _aЛюбовцов
_bА. В.
_4070
701 1 _aХаюрова
_bА. Ю.
_4070
801 0 _aRU
_bNLR
_gPSBO
801 1 _aRU
_bInfoComm
_c20050208
852 _aNLR
_jП22/5035
942 _cISSUE
980 _aNB
980 _aRUSPER